000 01440nam a2200385Ia 4500
001 ebr10478190
003 CaPaEBR
006 m u
007 cr cn|||||||||
008 100622s2010 enka sb 001 0 eng d
010 _z 2010026208
020 _z9781847693136
020 _z184769313X
020 _z9781847693129
020 _z1847693121
020 _z9781847693143
020 _z1847693148
040 _aCaPaEBR
_cCaPaEBR
035 _a(OCoLC)701053870
050 1 4 _aP40.45.S34
_bM85 2010eb
245 0 0 _aMultilingual urban Scandinavia
_h[electronic resource] :
_bnew linguistic practices /
_cedited by Pia Quist and Bente A. Svendsen.
260 _aBristol ;
_aBuffalo :
_bMultilingual Matters,
_cc2010.
300 _axxiii, 252 p. :
_bill.
490 0 _aMultilingual matters
504 _aIncludes bibliographical references and index.
533 _aElectronic reproduction.
_bPalo Alto, Calif. :
_cebrary,
_d2011.
_nAvailable via World Wide Web.
_nAccess may be limited to ebrary affiliated libraries.
650 0 _aSociolinguistics
_zScandinavia.
650 0 _aLanguages in contact
_zScandinavia.
651 0 _aScandinavia
_xLanguages.
655 7 _aElectronic books.
_2local
700 1 _aQuist, Pia.
700 1 _aSvendsen, Bente A.
710 2 _aebrary, Inc.
856 4 0 _uhttp://site.ebrary.com/lib/rucke/Doc?id=10478190
_zAn electronic book accessible through the World Wide Web; click to view
999 _c119676
_d119676